MARC

LEADER 00000nam0a2200000 4500
001 67234
005 20260227172807.0
010 |a 5824304661 
035 |a (RuTPU)RU\TPU\book\71596 
090 |a 67234 
100 |a 20040914d2003 k y0rusy50 ca 
101 0 |a rus 
102 |a RU 
105 |a y z 001zy 
200 1 |a Государственные учреждения XVIII века: комиссии петровского времени  |f М. В. Бабич  |g Российский государственный архив древних актов 
210 |a Москва  |c Росспэн  |d 2003 
215 |a 479 с. 
320 |a Библиогр.: с. 468-478 
320 |a Словарь: с. 418-467 
606 |a Государственная власть и управление в России  |x История  |z кон. 17-18 вв.  |9 83715 
610 1 |a Россия 
610 1 |a государственные учреждения 
610 1 |a 18 век 
610 1 |a комиссии 
610 1 |a Майорские канцелярии 
610 1 |a Канцелярии свидетельства мужеского пола душ 
610 1 |a ревизионные комиссии 
610 1 |a следственные комиссии 
610 1 |a Пограничные комиссии 
610 1 |a Церемониальные комиссии 
610 1 |a Лифляндские и эстляндские комиссии 
610 1 |a Уложенные комиссии 
610 1 |a руководящий персонал 
686 |a Т3(2)51  |2 rubbk 
700 1 |a Бабич  |b М. В.  |g Марина Виленовна 
712 0 2 |a Российский государственный архив древних актов  |3 (RuTPU)RU\TPU\col\1783 
801 1 |a RU  |b 63413507  |c 20040914  |g PSBO 
801 2 |a RU  |b 63413507  |c 20121114  |g PSBO 
942 |c BK